02426nam a2200397 i 4500003001000000005001700010007000300027008004100030020001800071040003500089041000800124082002200132100003700154245015200191250002200343264004300365300006300408336002700471337003300498338002800531490002000559504004100579505073200620521004201352650004001394650005001434650005401484650005001538700005001588700005201638700004201690942001201732999001501744952013601759952013301895CO-BoRNBP20220317000213.0ta210803s2009 ck ao sgr s 0 spa d a9789589718193 aCO-BoRNBPbspacCO-BoRNBPerda0 aspa04a634.304bD87m2221 aDurán Ramírez, Felipeeautor10aManual de cítricosbespecies, variedades, cultivos, injertoscFelipe Durán Ramírez ; fotografía de Eduardo Duran Naranjo ... [y otros tres] aPrimera edición 1aBogotá, ColombiabGrupo Latinoc2009 a60 páginasbilustraciones y fotografías a colorc23 cm atextobtxt2rdacontent asin mediaciónbn2rdamedia avolumenbnc2rdacarrier0 aGranja integral aIncluye referencias bibliográficas1 tGeneralidadestOrigen y distribucióntClasificación y descripción botánicatEspecies principales (patrones)tVariedades de las mandarinastImportancia de la nutrición en cítricostAnálisis del jugotComparación del colortTamaño de los frutostNecesidad de suelo profundotCompetencia por nutrientes y aguatAgroecología de los cítricostPrácticas culturalestMétodos de injertotDensidad y marcos de plantación en cítricostFormación del árboltsistemas de fructificación y podastRiego y abono en cítricostRecoleccióntMalezastPlagas y enfermedades que afectan a los cítricostControl biológico de plagas de los cítricos tIndustrialización de los cítricostValor nutritivo aRecomendado para un público adulto 17aFrutas cítricasvManuales2ARMARC17aFrutas cítricasxCultivosvManuales2ARMARC17aFrutas cítricasxProducciónvManuales2ARMARC17aFrutas cítricasxMercadeovManuales2ARMARC1 aDurán Naranjo, Eduardoefotográfo92048281 a Durán Naranjo, Jonathanefotógrafo92048291 aRamírez, Jaimeefotógrafo9204830 2ddccBK c3389d3389 00102ddc40708GENaMECASARIbMECASARIcGENd2024-11-10l0o634.304 - D87M pBM0001444r2024-11-10 10:35:06tEj.1w2024-11-10yBK 00102ddc40708GENaMEMAPJGAbMEMAPJGAcGENd2025-11-06l0o634.304 D87mpMPJG00833r2025-11-06 21:43:52tEj.1w2025-11-06yBK